01050nam a2200229 a 450000100100000000500170001000800410002704000250006808200290009311000320012224000210015424501390017525000120031426000530032630000200037959000260039965000580042565000600048395201270054395201330067099900170080300004731920201002053538.0131122s2014 dr r 000 0 spa d aDO-SdBNPbspacBNPHU a342.7293041bR426L, 20142 aRepública Dominicana944710a[Ley orgánica]10aLey núm. 137-11 orgánica del tribunal constitucional y de los procedimientos constitucionales :bModificada por la ley no. 145-11. a2a. ed. aSanto Domingo :bTribunal Constitucional,c2014. a50 p. ;c23 cm. aInventariado, 2018/VM 4aRepública dominicanaxDerecho constitucional974990 4aReformas constitucionaleszRepública Dominicana98313 0010718PDaPDbPDcHDd2018-05-02iLF1l0o342.7293041 R426L, 2014p47319-10r2020-06-25w2020-06-25yLFPDZNo se presta 0010718PDaPDbPDcHDd2018-06-08iLF1l0o342.7293041 R426L, 2014p47319-20r2020-06-25te. 2w2020-06-25yLFPDZNo se presta c46807d46807